| 000 | 00511cam a2200181 i 4500 | ||
|---|---|---|---|
| 005 | 20250901165322.0 | ||
| 008 | 800912s1981 nyua 001 0 eng | ||
| 010 | _a 80023157 | ||
| 020 | _a0471081361 | ||
| 050 | 0 | 0 |
_aHG6024.A3 P68 _bP68 |
| 082 | 0 | 0 |
_a332.64/5 _220 |
| 100 | 1 | _aPowers, Mark J. | |
| 245 | 1 | 0 |
_aInside the financial futures markets / _cMark Powers, David Vogel. |
| 260 |
_aNew York : _bWiley, _cc1981. |
||
| 300 |
_axvii, 320 p. : _bill. ; _c24 cm. |
||
| 500 | _aIncludes index. | ||
| 942 | _2ddc | ||
| 999 |
_c2092 _d2092 |
||